000 01416nam a2200421 a 4500
001 21541
003 VRT
005 20260303164019.0
008 240315s2010 xo a b 000 fdslo
015 _aSNBA2010/09-05229
020 _a9788071469094
_q(viaz.)
035 _aA8AEE0C0-D846-415F-BFAF-C82DA5EB1856
035 _aurn:nbn:sk:snk-amjwxb
035 _aurn:nbn:sk:snk-am0080lh
039 9 _a202403151910
_bVLOAD
_c201807311138
_dVLOAD
_c201511121706
_dVLOAD
_c201510151612
_dVLOAD
040 _aSNK
_bslo
_cSNK
_eAACR2
041 1 _aslo
_hfre
044 _axo
_cSK
072 7 _a821-93
_xLiteratúra pre deti a mládež
_2konspekt
080 _a821-342
_22001
080 _a821-93
_22001
100 1 _aLa Fontaine, Jean de,
_d1621-1695
_4aut
240 1 4 _aLes fables
_lSlovensky
245 1 0 _aBájky
_cJean de la Fontaine ; [preložila a prerozprávala Tatiana Žáryová]
250 _a[1. vyd.]
260 _aBratislava
_bJunior
_c[2010]
300 _a[93] s.
_bfareb. ilustr.
_c27 cm
500 _aBiogr. údaje
500 _aPravdepodobne preložené z franc.
655 7 _abájky
_2SNKPH
655 7 _apublikácie pre deti
_2SNKPH
700 1 _aŽáryová, Tatiana
_4trl
_4aut
942 _2ddc
_cKLDE
_n0
949 _617A0666055
_asnkSB 79853
_bsnk2010/15398
_o1661/10
_s6100:20140925
949 _617A0666054
_asnkSB 79853 D1
_bsnk2010/15400
_o1661/10
980 _a821.133.1-342
980 _a821-93
999 _c21541
_d21541